000 00520nam a2200193Ia 4500
003 LK-CoDNM
005 20240920142516.0
008 010623t1962 xxu||||| |||| 00| 1 eng d
040 _aLK-CoDNM
_dLK-CoDNM
_eLK-CoDNM
041 _aeng
080 _a15
_bA31
100 _aRamanathan,T.Sri
245 _aTesawalamai : The Laws Customs of the Inhabitions of the Province of Jaffna -1962
260 _bNadaraja
_aColombo
_c1962
300 _bx, 78p. : 21 cm
650 _aLaw
650 _aProperty
942 _cBK
999 _c105931
_d105931